|
|
|
แสดงรายละเอียดบรรณานุกรม |
|
|
Brief Record
: Get Marc (ISO 2709)
: E-mail record
: |
|
|
| LEADER 01174nam 2200277 a 4500 | |||
| 001 13399141704 | |||
| 003 ULIBM | |||
| 008 030417s|||| caua sb 001 0 eng | |||
| 099 ^aRE-487 | |||
| 100 ^aกองแผนงานร่วมกับทุกคณะ/วิทยาลัย/สถาบัน | |||
| 245 ^aรายงานการวิจัยความพึงพอใจของผู้บัณฑิตระดับบปริญญาตรี โท และเอก ตามกรอบมาตรฐานคุณวุฒิระดับอุดมศึกษาแห่งชาติ รุ่นปีการศึกษา 2558-2559 มหาวิทยาลัยมหาสารคาม | |||
| 913 ^aImported by ULIBM Administrator | |||
| 949 ^aImport form external file by ULIBM system | |||
| คุณยังไม่ได้ล็อกอิน คุณสามารถมีกิจกรรมร่วมกับเว็บไซต์ได้ แต่ต้องล็อกอินก่อน :: |
|
| สถานะ | |||||||||
| 1. | หนังสือ | RE-487 Barcode: 131631 | ►หนังสือทั่วไป | On Shelf | |||||
| [แสดง 1/1 รายการ] | |||||||||
BibComment |
| คอมเมนท์ทรัพยากรรายการนี้ |
|
|